[Event "24. Copenhagen Open  (Politiken Cup)"]
[Site "Copenhagen"]
[Date "2002.07.19"]
[Round "5"]
[White "Skjoldan, Benjamin"]
[Black "Jenal, Juerg"]
[Result "0-1"]
[WhiteElo "2024"]
[BlackElo "2194"]
[PlyCount "102"]
[EventDate "2002.07.15"]
[EventType "swiss"]
[EventRounds "11"]
[EventCountry "DEN"]
[SourceDate "2004.01.01"]

1. d4 Nf6 2. c4 c5 3. e3 g6 4. Nf3 Bg7 5. Be2 O-O 6. O-O b6 7. b3 Bb7 8. Bb2
cxd4 9. exd4 d5 10. Qc2 Nc6 11. Rd1 Rc8 12. Ne5 Qc7 13. Nd2 Rfd8 14. Ndf3 e6
15. Rac1 Bh6 16. Ra1 Nb4 17. Qc3 a5 18. Bc1 Ne4 19. Qb2 Bf8 20. Bf4 Bd6 21. a3
Na6 22. cxd5 exd5 23. Rac1 Nc3 24. Rd3 Nxe2+ 25. Qxe2 Qe7 26. Rxc8 Rxc8 27. Re3
Qc7 28. Bg3 Qc2 29. Qxc2 Rxc2 30. Nxg6 Rc1+ 31. Ne1 Bxa3 32. Ne7+ Kf8 33. Nf5
Bb4 34. f3 Nc7 35. h4 Ne6 36. Kh2 Ba6 37. Nd3 Bxd3 38. Rxd3 Rc3 39. Rxc3 Bxc3
40. Be5 Ke8 41. Ne3 Nxd4 42. f4 Nxb3 43. Bxc3 d4 44. Bxd4 Nxd4 45. Nd5 a4 46.
Nb4 a3 47. Kg3 Nc6 48. Nc2 a2 49. Kf2 b5 50. Ke3 b4 51. Na1 Na5 0-1

[Event "24. Copenhagen Open  (Politiken Cup)"]
[Site "Copenhagen"]
[Date "2002.07.19"]
[Round "5"]
[White "Skovgaard, Peter Nicolai"]
[Black "Binau, Daniel"]
[Result "1-0"]
[WhiteElo "1679"]
[BlackElo "1439"]
[PlyCount "41"]
[EventDate "2002.07.15"]
[EventType "swiss"]
[EventRounds "11"]
[EventCountry "DEN"]
[SourceDate "2004.01.01"]

1. e4 c6 2. d4 d5 3. exd5 cxd5 4. c4 dxc4 5. Bxc4 Nf6 6. Nf3 e6 7. Nc3 a6 8. a4
Bb4 9. O-O O-O 10. Bg5 Qa5 11. Qd3 Nc6 12. Bb3 Rd8 13. Ne4 Ne5 14. Nxf6+ gxf6
15. Nxe5 Qxe5 16. dxe5 Rxd3 17. Bc2 Rd5 18. Bxf6 Rd2 19. Be4 Bc5 20. a5 Bd4 21.
Rfd1 1-0

[Event "24. Copenhagen Open  (Politiken Cup)"]
[Site "Copenhagen"]
[Date "2002.07.19"]
[Round "5"]
[White "Skovgaard, Tom"]
[Black "Draeger, Michael"]
[Result "1-0"]
[WhiteElo "2074"]
[BlackElo "1549"]
[PlyCount "69"]
[EventDate "2002.07.15"]
[EventType "swiss"]
[EventRounds "11"]
[EventCountry "DEN"]
[SourceDate "2004.01.01"]

1. e4 c5 2. Nf3 d6 3. d4 cxd4 4. Nxd4 Nf6 5. Nc3 a6 6. a4 e5 7. Nb3 b6 8. Bd3
Be7 9. O-O Bb7 10. Be3 d5 11. exd5 Nxd5 12. Qf3 Ra7 13. Be4 Nxc3 14. Bxb7 Qc7
15. a5 Rxb7 16. axb6 Qc8 17. bxc3 O-O 18. c4 Rd7 19. c5 Nc6 20. Qe2 Re8 21.
Rxa6 Nd4 22. Bxd4 exd4 23. Qb5 Bf6 24. c6 Rde7 25. b7 Qc7 26. Ra8 Rb8 27. g3 g6
28. Rxb8+ Qxb8 29. Ra1 Kg7 30. Ra8 Re1+ 31. Kg2 Re5 32. Rxb8 Rxb5 33. c7 Be5
34. c8=Q Bxb8 35. Qxb8 1-0

[Event "24. Copenhagen Open  (Politiken Cup)"]
[Site "Copenhagen"]
[Date "2002.07.19"]
[Round "5"]
[White "Tandrup, Michael"]
[Black "Jensen, Allan Astrup"]
[Result "0-1"]
[WhiteElo "1874"]
[BlackElo "2205"]
[PlyCount "62"]
[EventDate "2002.07.15"]
[EventType "swiss"]
[EventRounds "11"]
[EventCountry "DEN"]
[SourceDate "2004.01.01"]

1. d4 Nf6 2. Nf3 g6 3. g3 Bg7 4. Bg2 O-O 5. O-O d5 6. Nbd2 c6 7. c3 Bf5 8. Qb3
Qc8 9. Ne5 Nbd7 10. Ndf3 Ng4 11. Nxd7 Bxd7 12. Re1 Bf5 13. Nh4 Be6 14. Nf3 b6
15. Ng5 Bf5 16. e4 dxe4 17. Nxe4 Qd7 18. Bf4 Rac8 19. Rad1 Be6 20. Qa3 Bd5 21.
Bh3 f5 22. Nd2 Rce8 23. Nf1 Bf3 24. Rd2 Kh8 25. Ne3 e5 26. Bxg4 fxg4 27. Bxe5
Bxe5 28. Ng2 Bg7 29. Ne3 Qf5 30. h4 gxh3 31. g4 Qf4 {Time} 0-1

[Event "24. Copenhagen Open  (Politiken Cup)"]
[Site "Copenhagen"]
[Date "2002.07.19"]
[Round "5"]
[White "Thestrup, Sixten"]
[Black "McShane, Rod"]
[Result "1/2-1/2"]
[WhiteElo "1430"]
[BlackElo "1500"]
[PlyCount "99"]
[EventDate "2002.07.15"]
[EventType "swiss"]
[EventRounds "11"]
[EventCountry "DEN"]
[SourceDate "2004.01.01"]

1. e4 c5 2. d4 cxd4 3. c3 d3 4. Bxd3 Nc6 5. Nf3 g6 6. O-O Bg7 7. Bf4 d6 8. Nbd2
Nf6 9. Re1 Nh5 10. Bg3 Nxg3 11. fxg3 O-O 12. Qc2 Ne5 13. Nxe5 Bxe5 14. Nf3 Bg7
15. Rad1 Qb6+ 16. Kh1 Be6 17. b3 Rac8 18. c4 Qc7 19. Qe2 Bg4 20. h3 Bd7 21. e5
Rfe8 22. Bb1 f5 23. Qd3 Bc6 24. exd6 exd6 25. Rxe8+ Rxe8 26. Ng5 h6 27. Nf3 Be4
28. Qd2 Bxf3 29. gxf3 Qc6 30. Kg2 Rd8 31. Qd5+ Qxd5 32. Rxd5 Kf7 33. f4 h5 34.
Kf3 Ke6 35. g4 hxg4+ 36. hxg4 fxg4+ 37. Kxg4 Bf6 38. Bxg6 Rg8 39. f5+ Ke7 40.
Rd3 b6 41. Rh3 Rh8 42. Rxh8 Bxh8 43. Kf4 Be5+ 44. Ke4 Kd7 45. Kd5 a5 46. a4 Bc3
47. Bh5 Bf6 48. Bg4 Ke7 49. Kc6 Bd4 50. Kd5 1/2-1/2

[Event "24. Copenhagen Open  (Politiken Cup)"]
[Site "Copenhagen"]
[Date "2002.07.19"]
[Round "5"]
[White "Tidman, Sophie E"]
[Black "Busk, Casper"]
[Result "1-0"]
[WhiteElo "2139"]
[BlackElo "1859"]
[PlyCount "47"]
[EventDate "2002.07.15"]
[EventType "swiss"]
[EventRounds "11"]
[EventCountry "DEN"]
[SourceDate "2004.01.01"]

1. e4 c5 2. Nf3 d6 3. d4 cxd4 4. Nxd4 Nf6 5. Nc3 a6 6. f4 e5 7. Nf3 Nbd7 8. Bd3
Be7 9. O-O b5 10. Qe1 O-O 11. a4 bxa4 12. fxe5 dxe5 13. Bg5 Qb6+ 14. Kh1 Qxb2
15. Nd5 Nxd5 16. exd5 Qb4 17. c3 Qg4 18. Bxe7 Re8 19. d6 Nc5 20. Bc2 f6 21. Qf2
Nb3 22. Nxe5 Qe6 23. Rxa4 Bb7 24. Rh4 1-0

[Event "24. Copenhagen Open  (Politiken Cup)"]
[Site "Copenhagen"]
[Date "2002.07.19"]
[Round "5"]
[White "Tollefsen, Vegard"]
[Black "Tolstrup, Thomas"]
[Result "0-1"]
[WhiteElo "1699"]
[BlackElo "2074"]
[PlyCount "134"]
[EventDate "2002.07.15"]
[EventType "swiss"]
[EventRounds "11"]
[EventCountry "DEN"]
[SourceDate "2004.01.01"]

1. e4 e6 2. d4 d5 3. Nd2 c5 4. c3 Nf6 5. e5 Nfd7 6. Bd3 Nc6 7. Ne2 cxd4 8. cxd4
f6 9. exf6 Nxf6 10. O-O Bd6 11. Nf3 O-O 12. Bf4 Bxf4 13. Nxf4 Ne4 14. Nh5 g6
15. Ng3 Ng5 16. Ne1 Qf6 17. h4 Nf7 18. Nf3 Nxd4 19. Nxd4 Qxd4 20. Bxg6 Qxh4 21.
Bh5 Bd7 22. Re1 Nd6 23. Bg4 Qf6 24. Qe2 Rae8 25. Rad1 Bb5 26. Qc2 Bc6 27. Bf3
Nc4 28. Qe2 Qxb2 29. Qxb2 Nxb2 30. Rd4 Nc4 31. Bd1 e5 32. Rg4+ Kh8 33. Nh5 Nd6
34. Bc2 Re7 35. Bb3 Ne8 36. Rh4 Nf6 37. Nf4 Rg8 38. Bc2 Ne4 39. Nh5 Rf8 40. f3
Nf6 41. Nf4 Kg7 42. Ne2 Rfe8 43. Ng3 Bd7 44. Kf2 Kg8 45. Bb3 Kh8 46. Bc2 Bc6
47. Nf5 Re6 48. Reh1 Rf8 49. g4 Rf7 50. Rh6 $11 e4 51. g5 Ng8 52. Rxe6 Rxf5 53.
g6 Rxf3+ 54. Ke2 h6 55. Bb3 Kg7 56. Rg1 a5 57. Re5 Kf6 58. Rxd5 Rxb3 59. Rd6+
Ke7 60. Rd2 Rf3 61. Rc2 Bb5+ 62. Ke1 Bc6 63. Rc5 Kf6 64. Rxa5 Rf5 65. Ra8 Kg7
66. Rc8 Rg5 67. Rc7+ Kxg6 0-1

[Event "24. Copenhagen Open  (Politiken Cup)"]
[Site "Copenhagen"]
[Date "2002.07.19"]
[Round "5"]
[White "Turov, Maxim"]
[Black "Hoi, Carsten"]
[Result "1-0"]
[WhiteElo "2518"]
[BlackElo "2419"]
[PlyCount "83"]
[EventDate "2002.07.15"]
[EventType "swiss"]
[EventRounds "11"]
[EventCountry "DEN"]
[SourceDate "2004.01.01"]

1. e4 Nc6 2. d4 e5 3. Nf3 exd4 4. Nxd4 g6 5. Nc3 Bg7 6. Be3 d6 7. Qd2 Nxd4 8.
Bxd4 Nf6 9. O-O-O O-O 10. f3 Be6 11. Kb1 c6 12. g4 Qa5 13. g5 Nh5 14. Bxg7 Kxg7
15. f4 b5 16. f5 b4 17. fxe6 bxc3 18. Qd4+ Qe5 19. Qxc3 Qxc3 20. bxc3 fxe6 21.
Rxd6 Rad8 22. Rxd8 Rxd8 23. Bc4 e5 24. Ka1 h6 25. h4 hxg5 26. hxg5 Rd7 27. Rb1
Nf4 28. Rb8 Nh3 29. Rg8+ Kh7 30. Re8 Nxg5 31. Rxe5 Nf3 32. Re8 g5 33. Be6 Rb7
34. Bc8 Rb6 35. e5 Nd2 36. a4 Kg7 37. Re7+ Kg6 38. Rxa7 Nc4 39. Rb7 Ra6 40. Rb4
Ra8 41. Bb7 Rb8 42. Bxc6 1-0

[Event "24. Copenhagen Open  (Politiken Cup)"]
[Site "Copenhagen"]
[Date "2002.07.19"]
[Round "5"]
[White "Unmack, Christian"]
[Black "Grahn, Lars"]
[Result "1-0"]
[WhiteElo "1993"]
[BlackElo "2108"]
[PlyCount "81"]
[EventDate "2002.07.15"]
[EventType "swiss"]
[EventRounds "11"]
[EventCountry "DEN"]
[SourceDate "2004.01.01"]

1. d4 d5 2. c4 e6 3. Nc3 Nf6 4. Bg5 Be7 5. e3 O-O 6. Nf3 h6 7. Bh4 Ne4 8. Bxe7
Qxe7 9. Qb3 c6 10. Bd3 Nxc3 11. bxc3 dxc4 12. Qxc4 b6 13. Qa4 Bb7 14. O-O c5
15. Ne5 Qc7 16. Bb1 cxd4 17. Qc2 d3 18. Qxd3 f5 19. Ng6 Rf6 20. Nf4 Ba6 21. c4
Nd7 22. Nd5 exd5 23. Qxd5+ Kh7 24. Bxf5+ Rxf5 25. Qxf5+ Kh8 26. Rfd1 Nc5 27.
Rd4 Qe7 28. Rad1 Rf8 29. Qxf8+ Qxf8 30. Rd8 Qxd8 31. Rxd8+ Kh7 32. Ra8 Bxc4 33.
Rxa7 b5 34. f3 Kg6 35. h4 h5 36. e4 Kf6 37. Kf2 g6 38. Ke3 Na4 39. a3 Nc5 40.
f4 Ne6 41. g4 1-0

[Event "24. Copenhagen Open  (Politiken Cup)"]
[Site "Copenhagen"]
[Date "2002.07.19"]
[Round "5"]
[White "Vovk, Oksana"]
[Black "Tretvold, Martin"]
[Result "1-0"]
[WhiteElo "2077"]
[BlackElo "1801"]
[PlyCount "73"]
[EventDate "2002.07.15"]
[EventType "swiss"]
[EventRounds "11"]
[EventCountry "DEN"]
[SourceDate "2004.01.01"]

1. c4 e5 2. Nc3 f5 3. g3 Nf6 4. Bg2 d6 5. d3 c6 6. e4 g6 7. Nge2 Bg7 8. O-O O-O
9. Qb3 Kh8 10. Be3 Ng4 11. Bd2 Nd7 12. h3 Ngf6 13. Rad1 Nh5 14. exf5 Nc5 15.
Qc2 gxf5 16. Bf3 Qe8 17. b4 Ne6 18. b5 Bd7 19. bxc6 bxc6 20. Rb1 Nc5 21. Rfe1
e4 22. dxe4 fxe4 23. Bg2 Qf7 24. Nf4 Nd3 25. Rxe4 Ndxf4 26. Bxf4 Bf5 27. Bxd6
Bxe4 28. Nxe4 Rfd8 29. Ng5 Qg8 30. Bxc6 Rxd6 31. Bxa8 Rg6 32. Bd5 Qf8 33. Nf7+
Kg8 34. Nh6+ Kh8 35. Nf7+ Kg8 36. Ne5+ Kh8 37. Qxg6 1-0

[Event "24. Copenhagen Open  (Politiken Cup)"]
[Site "Copenhagen"]
[Date "2002.07.19"]
[Round "5"]
[White "Walseth, Tron"]
[Black "Kaaber Hansen, Jacob"]
[Result "0-1"]
[WhiteElo "1832"]
[BlackElo "2079"]
[PlyCount "64"]
[EventDate "2002.07.15"]
[EventType "swiss"]
[EventRounds "11"]
[EventCountry "DEN"]
[SourceDate "2004.01.01"]

1. c4 Nf6 2. Nc3 e6 3. e4 d5 4. e5 Ne4 5. Nxe4 dxe4 6. Qg4 Bd7 7. Qxe4 Bc6 8.
Qe3 Na6 9. a3 Bc5 10. Qf4 g5 11. Qg3 f5 12. Ne2 f4 13. Qc3 f3 14. gxf3 g4 15.
d4 gxf3 16. Rg1 fxe2 17. Bxe2 Qxd4 18. Bh5+ Kd8 19. Bg5+ Kc8 20. Qxd4 Bxd4 21.
Bf6 Rf8 22. O-O-O Bxf2 23. Rg7 b6 24. b4 b5 25. cxb5 Bxb5 26. Bf3 Rb8 27. Rf7
Re8 28. Re7 Be3+ 29. Kb2 Rxe7 30. Bxe7 Bd7 31. Rd3 Bf4 32. Bf6 Rb5 0-1

[Event "24. Copenhagen Open  (Politiken Cup)"]
[Site "Copenhagen"]
[Date "2002.07.19"]
[Round "5"]
[White "Wilsbeck, Jan Borge"]
[Black "Bering, Anders"]
[Result "1/2-1/2"]
[WhiteElo "1825"]
[BlackElo "2119"]
[PlyCount "58"]
[EventDate "2002.07.15"]
[EventType "swiss"]
[EventRounds "11"]
[EventCountry "DEN"]
[SourceDate "2004.01.01"]

1. e4 c5 2. Nf3 d6 3. d4 cxd4 4. Nxd4 Nf6 5. Nc3 g6 6. Be3 Bg7 7. f3 O-O 8. Bc4
Nc6 9. Qd2 Nd7 10. h4 Nb6 11. Bb3 Na5 12. Qd3 Bd7 13. Nd5 Nxb3 14. axb3 Nxd5
15. exd5 a6 16. h5 Re8 17. hxg6 fxg6 18. Kf2 e5 19. dxe6 Bxe6 20. Nxe6 Rxe6 21.
Bd4 Qe7 22. Bxg7 Qxg7 23. Rae1 Rae8 24. Rxe6 Rxe6 25. Qc4 Qf7 26. Rd1 Kg7 27.
Qd4+ Qf6 28. Qd5 Qh4+ 29. Kf1 Qh1+ 1/2-1/2

[Event "24. Copenhagen Open  (Politiken Cup)"]
[Site "Copenhagen"]
[Date "2002.07.19"]
[Round "5"]
[White "Zucchelli, Massimo"]
[Black "Casagrande, Fabio"]
[Result "1/2-1/2"]
[WhiteElo "2183"]
[BlackElo "2035"]
[PlyCount "41"]
[EventDate "2002.07.15"]
[EventType "swiss"]
[EventRounds "11"]
[EventCountry "DEN"]
[SourceDate "2004.01.01"]

1. e4 e6 2. d4 d5 3. Nd2 Nf6 4. e5 Nfd7 5. Bd3 c5 6. c3 Nc6 7. Ne2 cxd4 8. cxd4
Qb6 9. Nf3 f6 10. exf6 Nxf6 11. O-O Bd6 12. b3 O-O 13. Bf4 Bxf4 14. Nxf4 Ne4
15. g3 Nxd4 16. Bxe4 dxe4 17. Nxd4 e5 18. Nde6 Bxe6 19. Nxe6 Qxe6 20. Qe2 Qf5
21. Rae1 1/2-1/2

[Event "24. Copenhagen Open  (Politiken Cup)"]
[Site "Copenhagen"]
[Date "2002.07.20"]
[Round "6"]
[White "Abdagic, Edib"]
[Black "Petersen, Nils"]
[Result "0-1"]
[WhiteElo "1831"]
[BlackElo "2035"]
[PlyCount "124"]
[EventDate "2002.07.15"]
[EventType "swiss"]
[EventRounds "11"]
[EventCountry "DEN"]
[SourceDate "2004.01.01"]

1. d4 d5 2. c4 e6 3. Nc3 c6 4. Nf3 Bd6 5. e4 dxe4 6. Nxe4 Be7 7. Bd2 Nd7 8. Bc3
Ngf6 9. Nxf6+ Nxf6 10. Ne5 O-O 11. Qf3 c5 12. dxc5 Bxc5 13. Rd1 Qe7 14. a3 a5
15. Bd3 Ne8 16. O-O f5 17. Rfe1 a4 18. Re2 Nd6 19. Red2 Ra6 20. Bb4 Qc7 21. Bc3
Nf7 22. Qe2 Nxe5 23. Bxe5 Bd6 24. f4 Bxe5 25. Qxe5 Qxe5 26. fxe5 Rc6 27. Bf1
Kf7 28. Kf2 Ke7 29. Ke3 g5 30. Rd6 Rc7 31. Kd4 Bd7 32. Rb6 Bc6 33. Kc3 f4 34.
Kd2 Rd7+ 35. Ke1 Rxd1+ 36. Kxd1 Rf5 37. b4 axb3 38. Kd2 Rxe5 39. Rxb3 Rf5 40.
Rh3 Rf7 41. Kc3 e5 42. Rh6 e4 43. c5 e3 44. Bc4 Rf6 45. Rxh7+ Ke8 46. Rh8+ Rf8
47. Rxf8+ Kxf8 48. g3 f3 49. Kd3 e2 50. Kd2 Ke7 51. h4 gxh4 52. gxh4 Kf6 53.
Bd3 Kg7 54. h5 Kh6 55. Bg6 Kg5 56. Ke1 Kf4 57. Kf2 e1=Q+ 58. Kxe1 Ke3 59. Bd3
Kxd3 60. Kf2 Be4 61. h6 Kd4 62. c6 bxc6 0-1

[Event "24. Copenhagen Open  (Politiken Cup)"]
[Site "Copenhagen"]
[Date "2002.07.20"]
[Round "6"]
[White "Akesson, Joel"]
[Black "Jakobsen, Ole"]
[Result "1/2-1/2"]
[WhiteElo "2234"]
[BlackElo "2398"]
[PlyCount "51"]
[EventDate "2002.07.15"]
[EventType "swiss"]
[EventRounds "11"]
[EventCountry "DEN"]
[SourceDate "2004.01.01"]

1. d4 d6 2. g3 g6 3. Bg2 Bg7 4. c4 Nc6 5. Nf3 e5 6. dxe5 dxe5 7. Qxd8+ Nxd8 8.
Nc3 Bd7 9. Nd5 Rc8 10. Bd2 e4 11. Ng5 f5 12. O-O-O h6 13. Nh3 g5 14. f3 c6 15.
Bc3 Rh7 16. Bxg7 Rxg7 17. Ne3 exf3 18. exf3 Re7 19. Rhe1 Nf7 20. f4 Nf6 21. Nf2
Rd8 22. Bh3 g4 23. Bf1 b6 24. Bd3 Nd6 25. Bc2 Be6 26. b3 1/2-1/2

[Event "24. Copenhagen Open  (Politiken Cup)"]
[Site "Copenhagen"]
[Date "2002.07.20"]
[Round "6"]
[White "Andersen, Ib Hother"]
[Black "Schmidt, Horst Hubert"]
[Result "0-1"]
[WhiteElo "2160"]
[BlackElo "1857"]
[PlyCount "140"]
[EventDate "2002.07.15"]
[EventType "swiss"]
[EventRounds "11"]
[EventCountry "DEN"]
[SourceDate "2004.01.01"]

1. e4 e6 2. d4 d5 3. Nc3 dxe4 4. Nxe4 Bd7 5. Nf3 Bc6 6. Bd3 Nd7 7. O-O Ngf6 8.
Re1 Nxe4 9. Bxe4 Bxe4 10. Rxe4 Be7 11. c3 O-O 12. Qc2 c5 13. Bd2 cxd4 14. Nxd4
Qb6 15. Rae1 Bf6 16. Nf3 Rad8 17. Be3 Qc7 18. Bf4 Qc5 19. Rd1 Rfe8 20. Re2 a6
21. Red2 Qc8 22. c4 Nc5 23. b4 Nd7 24. Bd6 Nb6 25. c5 Nd5 26. a3 h6 27. Nd4 Bg5
28. Re2 Be7 29. Bxe7 Rxe7 30. Red2 g6 31. Ne2 Rde8 32. Nc3 Nf6 33. Ne4 Nxe4 34.
Qxe4 e5 35. Rd6 Kg7 36. Qd5 e4 37. Qd4+ Kh7 38. Rd7 Qc6 39. Rxe7 Rxe7 40. Qd8
Qe6 41. Qd4 Qb3 42. Qa1 e3 43. fxe3 Rxe3 44. Rd8 Rc3 45. Rd7 Rc2 46. Rd1 Qe3+
47. Kh1 Qf2 48. Rg1 Ra2 49. Qd1 Kg7 50. Qd5 Re2 51. h3 g5 52. Qf3 Qxf3 53. gxf3
Re3 54. Rd1 Rxf3 55. Kg2 Rxa3 56. Rd7 a5 57. Rxb7 axb4 58. Rxb4 Rc3 59. Rb5 f6
60. Ra5 Kg6 61. Rb5 h5 62. Ra5 g4 63. hxg4 hxg4 64. Rb5 f5 65. Rb6+ Kg5 66. Rc6
f4 67. Rc8 Rc2+ 68. Kf1 Kh4 69. c6 Kg3 70. c7 f3 0-1

[Event "24. Copenhagen Open  (Politiken Cup)"]
[Site "Copenhagen"]
[Date "2002.07.20"]
[Round "6"]
[White "Arngrimsson, Dagur"]
[Black "Mortensen, Henrik"]
[Result "1/2-1/2"]
[WhiteElo "2149"]
[BlackElo "2053"]
[PlyCount "108"]
[EventDate "2002.07.15"]
[EventType "swiss"]
[EventRounds "11"]
[EventCountry "DEN"]
[SourceDate "2004.01.01"]

1. e4 e6 2. d4 d5 3. Nc3 dxe4 4. Nxe4 Qd5 5. Bd3 Nc6 6. Nf3 Nb4 7. O-O Nxd3 8.
Qxd3 Nf6 9. Ng3 Be7 10. c4 Qd6 11. Ng5 c5 12. Rd1 cxd4 13. N5e4 Qd8 14. Bf4 Ng4
15. f3 e5 16. fxg4 exf4 17. Nf5 Bxf5 18. gxf5 g6 19. Qe2 O-O 20. Nc3 Bc5 21.
Kh1 Qg5 22. Nd5 Rae8 23. Qd3 Re5 24. f6 Rfe8 25. Qf3 b5 26. b3 bxc4 27. bxc4
Rd8 28. Re1 Rde8 29. Rf1 Re4 30. Ne7+ R8xe7 31. fxe7 Qxe7 32. h3 Qe6 33. Qf2
Kg7 34. Rac1 Ba3 35. Rcd1 Bc5 36. Rfe1 Rxe1+ 37. Rxe1 Qxc4 38. Qxf4 Qd5 39. Qc7
Bb6 40. Qf4 d3 41. a4 d2 42. Rd1 Ba5 43. Qe3 a6 44. Qe2 Qd6 45. g4 Qc6+ 46. Qg2
Qxa4 47. Qf3 Qc4 48. g5 Bc3 49. Rxd2 Bxd2 50. Qf6+ Kf8 51. Qd8+ Kg7 52. Qf6+
Kf8 53. Qd8+ Kg7 54. Qf6+ Kf8 1/2-1/2

[Event "24. Copenhagen Open  (Politiken Cup)"]
[Site "Copenhagen"]
[Date "2002.07.20"]
[Round "6"]
[White "Auchenberg, Einar"]
[Black "Helin, Mikael"]
[Result "0-1"]
[WhiteElo "1654"]
[BlackElo "2016"]
[PlyCount "48"]
[EventDate "2002.07.15"]
[EventType "swiss"]
[EventRounds "11"]
[EventCountry "DEN"]
[SourceDate "2004.01.01"]

1. e4 c5 2. Nc3 a6 3. f4 b5 4. Nf3 Bb7 5. a4 b4 6. Nd5 e6 7. c4 exd5 8. cxd5
Nf6 9. Qc2 d6 10. b3 Qe7 11. d4 Bxd5 12. dxc5 Nxe4 13. cxd6 Nxd6+ 14. Be2 Ne4
15. Qc8+ Qd8 16. Qxd8+ Kxd8 17. Bd3 Bc5 18. Bxe4 Bxe4 19. Bb2 f6 20. O-O-O+ Nd7
21. Nd4 Rc8 22. Ne6+ Ke7 23. Rxd7+ Kxd7 24. Nxg7 Bd4+ 0-1

[Event "24. Copenhagen Open  (Politiken Cup)"]
[Site "Copenhagen"]
[Date "2002.07.20"]
[Round "6"]
[White "Bekker Jensen, David"]
[Black "Ward, Christopher"]
[Result "0-1"]
[WhiteElo "2338"]
[BlackElo "2498"]
[PlyCount "96"]
[EventDate "2002.07.15"]
[EventType "swiss"]
[EventRounds "11"]
[EventCountry "DEN"]
[SourceDate "2004.01.01"]

1. d4 Nf6 2. c4 c5 3. d5 e6 4. Nc3 exd5 5. cxd5 d6 6. g3 g6 7. Bg2 Bg7 8. Nf3
O-O 9. O-O Re8 10. h3 a6 11. a4 Nbd7 12. Bf4 Nh5 13. Bg5 Qb6 14. Qc2 h6 15. Bd2
c4 16. e3 Nc5 17. a5 Qb3 18. Qxb3 Nxb3 19. Ra4 Nf6 20. Rxc4 Nxa5 21. Ra4 Nb3
22. Ra3 Nxd2 23. Nxd2 Bd7 24. Nc4 b5 25. Nxd6 b4 26. Nxe8 bxa3 27. Nxg7 axb2
28. Rb1 Rc8 29. Rxb2 Rxc3 30. Rb6 Kxg7 31. Rxa6 Rc1+ 32. Kh2 Rc2 33. Kg1 Bf5
34. Ra4 Rd2 35. e4 Bd7 36. Ra7 Bb5 37. Rb7 Bc4 38. Rc7 Rd1+ 39. Kh2 Rd4 40. d6
Be6 41. e5 Nd7 42. f4 g5 43. Bc6 Nf8 44. fxg5 hxg5 45. Be8 Rd5 46. Re7 Ng6 47.
Bc6 Rd2+ 48. Kg1 Nxe5 0-1

[Event "24. Copenhagen Open  (Politiken Cup)"]
[Site "Copenhagen"]
[Date "2002.07.20"]
[Round "6"]
[White "Bengtsson, Ola"]
[Black "Wilsbeck, Jan Borge"]
[Result "1/2-1/2"]
[WhiteElo "2075"]
[BlackElo "1825"]
[PlyCount "66"]
[EventDate "2002.07.15"]
[EventType "swiss"]
[EventRounds "11"]
[EventCountry "DEN"]
[SourceDate "2004.01.01"]

1. d4 Nf6 2. c4 c5 3. d5 b5 4. cxb5 a6 5. Nc3 axb5 6. e4 b4 7. Nb5 Qa5 8. e5
Ba6 9. exf6 Bxb5 10. Bxb5 Qxb5 11. fxe7 Bxe7 12. a4 bxa3 13. Rxa3 Rxa3 14. bxa3
Qa5+ 15. Qd2 Qxd2+ 16. Kxd2 Bg5+ 17. Kc2 Bxc1 18. Kxc1 Ke7 19. Ne2 Kd6 20. Nc3
Na6 21. Rd1 Rb8 22. Kc2 f5 23. Re1 Nc7 24. f4 Nb5 25. Nxb5+ Rxb5 26. Kc3 Kxd5
27. Re5+ Kc6 28. Rxf5 d5 29. Rf7 Ra5 30. Rxg7 Rxa3+ 31. Kb2 Ra4 32. g3 Rb4+ 33.
Kc2 Rb7 1/2-1/2

[Event "24. Copenhagen Open  (Politiken Cup)"]
[Site "Copenhagen"]
[Date "2002.07.20"]
[Round "6"]
[White "Bering, Anders"]
[Black "Kristensen, Jonas Rune"]
[Result "1-0"]
[WhiteElo "2119"]
[BlackElo "1847"]
[PlyCount "89"]
[EventDate "2002.07.15"]
[EventType "swiss"]
[EventRounds "11"]
[EventCountry "DEN"]
[SourceDate "2004.01.01"]

1. e4 c6 2. d4 d5 3. Nc3 dxe4 4. Nxe4 Nf6 5. Nxf6+ gxf6 6. Nf3 Bf5 7. Bd3 Bg6
8. O-O Qc7 9. c4 Nd7 10. Re1 O-O-O 11. b4 e5 12. d5 Bxb4 13. Re2 Nc5 14. Bxg6
hxg6 15. g3 Rh7 16. Rb1 Ba5 17. Be3 Bb6 18. Reb2 cxd5 19. cxd5 Kb8 20. Rb5 Nd7
21. a4 Qd6 22. a5 Bxe3 23. Rxb7+ Ka8 24. fxe3 Rhh8 25. Qd2 Rb8 26. Rxb8+ Rxb8
27. Rxb8+ Qxb8 28. Qc2 Qb7 29. Qc4 Kb8 30. e4 Qc7 31. Qb4+ Kc8 32. Nd2 Qc5+ 33.
Qxc5+ Nxc5 34. h4 Kd8 35. Kf2 Ke7 36. g4 f5 37. gxf5 gxf5 38. Kf3 Kf6 39. exf5
Kxf5 40. h5 Nd3 41. h6 Kg6 42. Ke4 Nf2+ 43. Kxe5 Ng4+ 44. Kd6 Kxh6 45. Kc7 1-0

[Event "24. Copenhagen Open  (Politiken Cup)"]
[Site "Copenhagen"]
[Date "2002.07.20"]
[Round "6"]
[White "Binau, Daniel"]
[Black "Dogru, Latif"]
[Result "1-0"]
[WhiteElo "1439"]
[BlackElo "1224"]
[PlyCount "67"]
[EventDate "2002.07.15"]
[EventType "swiss"]
[EventRounds "11"]
[EventCountry "DEN"]
[SourceDate "2004.01.01"]

1. e4 c5 2. Nf3 Nc6 3. d4 cxd4 4. Nxd4 e5 5. Nb3 d6 6. c4 Be6 7. Nc3 Rc8 8. Nd5
Nge7 9. Be3 f5 10. Nxe7 Bxe7 11. exf5 Bxf5 12. Qd5 Nb4 13. Qb5+ Nc6 14. Bxa7
Bd7 15. Bb6 Nd4 16. Nxd4 Bxb5 17. Bxd8 Bxc4 18. Bxe7 Bxf1 19. Rxf1 Kxe7 20.
Nf5+ Kd7 21. Rd1 Rc6 22. Ke2 g6 23. Ne3 Ke6 24. Rd5 Rd8 25. Rfd1 b6 26. a4 Rc5
27. Kf3 Rf8+ 28. Kg3 Rc6 29. b3 Rf4 30. Nc4 Rd4 31. R1xd4 exd4 32. Rxd4 d5 33.
Ne3 Ke5 34. Rxd5+ 1-0

[Event "24. Copenhagen Open  (Politiken Cup)"]
[Site "Copenhagen"]
[Date "2002.07.20"]
[Round "6"]
[White "Brasoy, Aksel"]
[Black "Skjoldan, Benjamin"]
[Result "0-1"]
[WhiteElo "1665"]
[BlackElo "2024"]
[PlyCount "88"]
[EventDate "2002.07.15"]
[EventType "swiss"]
[EventRounds "11"]
[EventCountry "DEN"]
[SourceDate "2004.01.01"]

1. d4 Nf6 2. c4 g6 3. g3 Bg7 4. Bg2 O-O 5. Nc3 c5 6. d5 d6 7. Nf3 Bg4 8. h3
Bxf3 9. Bxf3 Nfd7 10. Bg2 Ne5 11. Qb3 Qb6 12. f4 Qxb3 13. axb3 Ned7 14. O-O Na6
15. Nb5 Nb4 16. Be4 a6 17. Nc3 f5 18. Bb1 Rae8 19. e4 Bd4+ 20. Kg2 e5 21. exf5
gxf5 22. fxe5 Nxe5 23. Rxf5 Ned3 24. Bxd3 Nxd3 25. Rxf8+ Rxf8 26. Bf4 Nxf4+ 27.
gxf4 Rxf4 28. Rf1 Rxf1 29. Kxf1 Bxc3 30. bxc3 Kf7 31. b4 b6 32. Ke2 Kf6 33. Kd2
Kf5 34. Kc2 Ke4 35. h4 h5 36. Kb2 Ke3 37. Ka3 Kd2 38. Kb2 Kd3 39. Kb3 a5 40.
bxa5 bxa5 41. Ka4 Kxc3 42. Kb5 a4 43. Kc6 a3 44. Kxd6 Kxc4 0-1

[Event "24. Copenhagen Open  (Politiken Cup)"]
[Site "Copenhagen"]
[Date "2002.07.20"]
[Round "6"]
[White "Bromann, Thorbjorn"]
[Black "Kiriakov, Petr"]
[Result "0-1"]
[WhiteElo "2378"]
[BlackElo "2553"]
[PlyCount "64"]
[EventDate "2002.07.15"]
[EventType "swiss"]
[EventRounds "11"]
[EventCountry "DEN"]
[SourceDate "2004.01.01"]

1. e4 e6 2. d4 d5 3. exd5 exd5 4. Nf3 Bg4 5. h3 Bh5 6. Qe2+ Qe7 7. Be3 Nd7 8.
Nc3 c6 9. O-O-O O-O-O 10. g4 Bg6 11. Nd2 Re8 12. Re1 h5 13. Bg2 hxg4 14. hxg4
Rxh1 15. Bxh1 Nh6 16. f3 Qd8 17. Qh2 Re6 18. Bf2 Rxe1+ 19. Bxe1 f5 20. Bh4 Be7
21. Bxe7 Qxe7 22. Qg3 Qg5 23. f4 Qxg4 24. Qh2 Qh5 25. Qg1 Ng4 26. Nf3 Ndf6 27.
Bg2 Qh6 28. Ne2 Nh5 29. Qh1 Nxf4 30. Qxh6 Nxe2+ 31. Kd2 Nxh6 32. Kxe2 Bh5 0-1